Los relatos de Basil y Josephine

-д хадгалсан:
Номзүйн дэлгэрэнгүй
Үндсэн зохиолч: Fitzgerald, Francis Scott (Зохиогч)
Формат: Ном
Хэл сонгох:испани
Хэвлэсэн: Madrid Alianza 1977
Нөхцлүүд:
Шошгууд: Шошго нэмэх
Шошго байхгүй, Энэхүү баримтыг шошголох эхний хүн болох!

MARC

LEADER 00000nam a2200000 a 4500
001 UCO5060
003 CL-VaPUC
008 000825e19770000SP |||||||||||||||||spa|d
082 0 4 |a 813  |b FIT  |2 21 
100 0 |a Fitzgerald, Francis Scott  |e author  |9 371937 
245 1 4 |a Los relatos de Basil y Josephine 
300 |a 363 p 
942 |c BK 
945 |d 20000825 00:00:00  |a crobeson 
260 |a Madrid  |b Alianza  |c 1977 
650 0 |a Cuentos estadounidenses  |9 265133 
650 0 |a Literatura estadounidense  |9 317168 
583 |a last modification  |c 20000825 00:00:00  |k Rodrigo Vera 
999 |c 291014  |d 291012 
952 |0 0  |1 0  |4 0  |6 813_000000000000000_FIT_1977  |7 0  |8 A  |9 340648  |a BIBART  |b BIBART  |d 2019-11-20  |i 1218476  |o 813 FIT 1977  |p 1218476  |r 2025-03-13  |w 2019-11-20  |y BK  |k ART